000 00561nam a22001817a 4500
003 UA-OsUOA
001 15695
007 ta
008 20031203b un ||||| |||| 00| 0 ukr d
100 _aГлущук В.
942 _cSA
040 _aUA-OsUOA
_cUA-OsUOA
_dUA-OsUOA
245 _aМи ідемо і люди йдуть до нас: [Про рівнен. дмрекцію УДППЗ "Укрпошта"]
300 _aС.7
955 _a0
773 0 _w0
_tВільне слово
_dРівне
_d2003
_g№92/лист./
650 7 _aЗв'язок
_2UDC
999 _c301860
_d301860